BIBLIOTECA

SENCICO

40 nuevos diseños de pequeños jardines / (Registro nro. 5059)

Detalles MARC
000 -LEADER
fixed length control field 01876nam a22002777a 4500
003 - CONTROL NUMBER IDENTIFIER
control field PE SENCICO BE
005 - DATE AND TIME OF LATEST TRANSACTION
control field 20251020182710.0
008 - FIXED-LENGTH DATA ELEMENTS--GENERAL INFORMATION
fixed length control field 250115b |||||||| |||| 00| 0 eng d
020 ## - INTERNATIONAL STANDARD BOOK NUMBER
International Standard Book Number 978-84-7902-752-0
040 ## - CATALOGING SOURCE
Original cataloging agency PE SENCICO BE
Transcribing agency PE SENCICO BE
041 ## - LANGUAGE CODE
Language code of text/sound track or separate title spa
082 ## - DEWEY DECIMAL CLASSIFICATION NUMBER
Classification number 712.6
Item number N49
100 1# - MAIN ENTRY--PERSONAL NAME
9 (RLIN) 2827
Personal name Newbury, Tim
Relator term autor
245 1# - TITLE STATEMENT
Title 40 nuevos diseños de pequeños jardines /
Statement of responsibility, etc. Tim Newbury
250 ## - EDITION STATEMENT
Edition statement [1a ed.]
260 ## - PUBLICATION, DISTRIBUTION, ETC.
Place of publication, distribution, etc. Madrid :
Name of publisher, distributor, etc. Tutor ;
Date of publication, distribution, etc. 2009
300 ## - PHYSICAL DESCRIPTION
Extent 256 p. :
Other physical details ilustraciones a color, láminas ;
Dimensions 26 cm.
500 ## - GENERAL NOTE
General note En la cubierta: "40 excelentes diseños de diferentes estilos, proyectos paso a paso, planos de plantación detallados, un diseño para cada espacio".
505 0# - FORMATTED CONTENTS NOTE
Formatted contents note Azotea con fuente -- Para las cuatro estaciones -- Jardín oriental -- Jardín silvestre -- Verde que te quiero verde -- A la sombra -- Jardín en dos niveles -- Patio ideal para niños -- Jardín ilusorio -- El primer jardín -- Casi instantáneo -- Jardín natural -- Huerto en macetas -- Jardín clásico de hierbas aromáticas -- Jardín gastronómico -- Con efectos de color -- Santuario perfumado -- Jardín ecológico -- Jardín cuadrado -- Jardín floral -- Pequeño espacio de comedor -- Paraíso tropical en la terraza -- Patio clásico -- Azotea chic -- Terraza romántica -- Vida regalada -- Jardín estrecho -- Patio con agua -- Habitación con vistas -- Jardín familiar -- Jardín de bajo mantenimiento -- Espacio para fiestas -- Jardín de interés invernal -- Impacto minimalista -- Jardín a prueba de sequías -- Jardín acuático -- Jardín circular -- Apartado rincón urbano -- Jardín de estilo rural -- Ganar altura
650 10 - SUBJECT ADDED ENTRY--TOPICAL TERM
9 (RLIN) 64
Topical term or geographic name entry element Jardines
650 20 - SUBJECT ADDED ENTRY--TOPICAL TERM
9 (RLIN) 1410
Topical term or geographic name entry element Estructuras de jardines
650 20 - SUBJECT ADDED ENTRY--TOPICAL TERM
9 (RLIN) 2828
Topical term or geographic name entry element Diseño de jardines
650 20 - SUBJECT ADDED ENTRY--TOPICAL TERM
9 (RLIN) 2829
Topical term or geographic name entry element Estilos de jardines
910 ## - USER-OPTION DATA (OCLC)
User-option data hfp
-- hfp
-- hfp
942 ## - ADDED ENTRY ELEMENTS (KOHA)
Source of classification or shelving scheme Dewey Decimal Classification
Koha item type Libros
Existencias
Fecha de la última vez que lo usaron Pago total Signatura topográfica completa Código de barras Precio efectivo desde Tipo de documento Estado perdido Sistema de clasificación Estado dañado No es para préstamo Retirado Ubicación permanente Ubicación actual Fecha de adquisición Fuente de adquisición
15/01/2025   712.6/N49 BibLima25010026 15/01/2025 Libros   Dewey Decimal Classification       Biblioteca Central Lima Biblioteca Central Lima 18/11/2024 Comprado de la librería Megabook